| 000 | 00734nam a22002537a 4500 | ||
|---|---|---|---|
| 003 | LC | ||
| 005 | 20160322102756.0 | ||
| 008 | 130313t xxu||||| |||| 00| 0 eng d | ||
| 020 | _a9780525421351 | ||
| 050 |
_aPZ 7 _b.B847 2009 |
||
| 082 |
_aFIC _bB847 2009 |
||
| 100 |
_aBrewer, Heather _917215 |
||
| 245 |
_aTenth grade bleeds / _cHeather Brewer |
||
| 250 | _a1st ed. | ||
| 260 |
_aNew York _bDutton Children’s Books _cc2009. |
||
| 300 |
_a292 p. : _c22 cm. |
||
| 440 |
_aThe Chronicles of Vladimir Tod _917223 |
||
| 526 | _c820 | ||
| 650 | _aVampires -- Juvenile fiction. | ||
| 650 | _aTeenage boys -- Juvenile fiction. | ||
| 650 | _aHigh school students -- Juvenile fiction. | ||
| 942 |
_2lcc _cBK |
||
| 999 |
_c2419 _d2419 |
||